Online Catalogue and eLibrary

Brahmachari Walisingha Harischandra ha Anuradhapura Bauddha prabodaya : (Record no. 897)

MARC details
000 -LEADER
fixed length control field 00497nam a2200157Ia 4500
005 - DATE AND TIME OF LATEST TRANSACTION
control field 20250516014537.0
008 - FIXED-LENGTH DATA ELEMENTS--GENERAL INFORMATION
fixed length control field 240331s9999 xx 000 0 und d
020 ## - INTERNATIONAL STANDARD BOOK NUMBER
ISBN 9559528114
082 ## - DDC Classification
Class No. 294
Item Number - Author Mark KAR
100 ## - MAIN ENTRY--PERSONAL NAME
Personal name Karunanandha, U
245 #0 - TITLE STATEMENT
Title Brahmachari Walisingha Harischandra ha Anuradhapura Bauddha prabodaya :
Remainder of title 1899-1913
260 ## - PUBLICATION, DISTRIBUTION, ETC.
Place of publication, distribution, etc. Colombo
Name of publisher, distributor, etc. Prof, Udmabanda Karunandha
300 ## - PHYSICAL DESCRIPTION
Extent (e.g. Volumes, Pages etc.) 112 p .,
500 ## - GENERAL NOTE
General note Brahmachari Walisingha Harischandra the scared city of Anuradha Pura
942 ## - Koha item type (Biblio)
Koha item type Books in Stacks (Lending)
Holdings
Lost status Damaged status Collection code Home library Current library Shelving location Date acquired Full call number Accession Number Item type
    Lending WERC Library WERC Library Social Science Cupboard 03/31/2024 294 KAR 3338 Books in Stacks (Lending)

© WERC Library